000 00307nam a22001457a 4500
003 SGT
020 _a978-93-86735-23-2
082 _a615.53
_bA17K
100 _aKUMAR,A.ARHANTH
245 _aANJANA NIDANAM
260 _aVARANASI
_bCHAUKHAMBA PUB
300 _a101
650 _aAYURVEDA
942 _2ddc
_cBK
999 _c16532
_d16532